Americký plukovník navštívil otcov hrob v Starej Turej podvečer a tajne

Bibliographic Details
Main Author: Vároš, Milan, 1937- (Author)
Format: Article
Language:Slovak
PhysicalDescription:Fotogr. 6, obr. 8
ISSN:0139-6323
Subjects:

MARC

LEADER 00000nab a2200000 a 4500
001 vtls000598746
003 SK-MaSNL
005 20260305010722.0
008 160216c1996 xo 0 slo
015 |a SNBRB19rr/mm-uuuuu 
035 |a CL0598885 
040 |a SNKBUCL  |b slo  |c SNKBUCL  |e AACR2 
041 0 |a slo 
044 |a xo  |c SK 
080 |a 341.71  |2 1981 
080 |a 323.113(73=854)  |2 1981 
080 |a 355.33  |2 1981 
080 |a 929 Slezak, John  |2 1981 
100 1 |a Vároš, Milan,  |d 1937-  |4 aut  |9 102812 
245 1 0 |a Americký plukovník navštívil otcov hrob v Starej Turej podvečer a tajne  |c Milan Vároš 
300 |b Fotogr. 6, obr. 8 
500 |a Dokončenie 
600 1 7 |a Slezák, Ján,  |d 1896-1984  |2 snkbucl  |9 165348 
655 7 |a články z novín a časopisov  |2 snkbucl  |9 267496 
773 0 |t Život  |g Roč. 46, č. 37 (1996), s. 8-10  |x 0139-6323 
850 |a Slovenská národná knižnica v Martine  |a MTA001 
852 |a SNK  |b KIS3GCP 
958 |a BX 
958 |a RK 
958 |a SK 
992 |a RBX 
999 |c 3248250  |d 3250180